Historias de las casas de la Congregación de la Providencia de Chile
Guardat en:
| Format: | Llibre |
|---|---|
| Idioma: | espanyol |
| Publicat: |
Santiago
San José
1904
|
| Matèries: | |
| Etiquetes: |
Afegir etiqueta
Sense etiquetes, Sigues el primer a etiquetar aquest registre!
|
MARC
| LEADER | 00000nam a2200000 a 4500 | ||
|---|---|---|---|
| 001 | UCL6245 | ||
| 003 | CL-VaPUC | ||
| 008 | 040402e19040000CL |||||||||||||||||spa|d | ||
| 082 | 0 | 4 | |a 271 |b HIS |2 21 |
| 245 | 1 | 0 | |a Historias de las casas de la Congregación de la Providencia de Chile |
| 300 | |a Pág. irreg | ||
| 942 | |c BK | ||
| 945 | |d 20040402 00:00:00 |a vberengu | ||
| 260 | |a Santiago |b San José |c 1904 | ||
| 650 | 7 | |a CONGREGACIONES RELIGIOSAS |2 CL-VaPUC |9 398089 | |
| 651 | 7 | |a CHILE |2 CL-VaPUC |9 483939 | |
| 651 | 0 | |a Limache |9 364999 | |
| 651 | 0 | |a Santiago |9 265444 | |
| 651 | 0 | |a La Serena |9 313924 | |
| 651 | 7 | |a TEMUCO |2 CL-VaPUC |9 360247 | |
| 651 | 7 | |a LINARES |2 CL-VaPUC |9 319272 | |
| 651 | 0 | |a Valparaíso, Chile |9 261144 | |
| 583 | |a last modification |c 20040402 00:00:00 |k Rodrigo Vera | ||
| 999 | |c 308422 |d 308420 | ||
| 952 | |0 0 |1 0 |4 0 |6 271_000000000000000_HIS_1904 |7 0 |8 P |9 374938 |a BIBTEO |b BIBTES |c TEO_FTES |d 2019-11-21 |i 2108143 |o 271 HIS 1904 |p 2108143 |r 2024-01-18 |w 2019-11-21 |y BK |k ICR | ||